|
|
|
|
| LEADER |
00672cam a2200217 a 4500 |
| 001 |
0000030853 |
| 005 |
19980212090000.0 |
| 040 |
|
|
|a mod
|
| 041 |
|
|
|a eng
|
| 020 |
0 |
0 |
|a T000012132
|
| 090 |
0 |
0 |
|a 947.085
|b GUN
|
| 100 |
1 |
0 |
|a GUNTER
|h John
|
| 245 |
1 |
0 |
|a Inside Russia today
|c John Gunter
|
| 260 |
0 |
0 |
|a London
|b Penguins Books
|c 1964
|
| 300 |
0 |
0 |
|a 618p.
|c 18cm
|
| 504 |
0 |
0 |
|a Bib:p.571-592
|
| 651 |
0 |
0 |
|a Russia
|x History
|x 19th century
|
| 852 |
0 |
0 |
|a 01
|
| 999 |
|
|
|a 0000011749
|b MTAT
|d BOOKS
|e Umum
|f MTAT
|j FINAL PROCESSING
|q GOOD CONDITION
|
| 999 |
|
|
|a 0091728
|b KEMENTAH
|d BOOKS
|e Umum
|f Perpustakaan KEMENTAH
|j WEEDED
|q OLD
|
| 999 |
|
|
|a 0091729
|b KEMENTAH
|d BOOKS
|e Umum
|f Perpustakaan KEMENTAH
|j WEEDED
|q OLD
|